000 00452nam a2200181Ia 4500
001 12491
005 20260306162945.0
008 260306t2023||||xx |||||||||||||| ||spa||
041 _aESP
082 _aHR 346
_bENE 2023 GCP
110 _aGaceta Jurídica
245 0 _aGaceta civil & procesal civil :
_bregistral / notarial
260 _c2023
300 _a279 páginas :
_c25 cm.
650 _aGEN
654 _aCDE
942 _cREV
_dJUS
_fJUS
_2ddc
_n
999 _c12491
_d12491